000 00475 a2200169 4500
003 OSt
005 20231110150046.0
008 231110b |||||||| |||| 00| 0 eng d
020 _a9960740927
040 _coclc
082 _a297
_bSAD/W
100 _aSadiq, Mohammed
_98809
245 _aTHE WAY OF PROPHET MUHAMMED /
_cSheikh Muhammed Sadiq
260 _aRiyadh:
_bDarussalam,
_c1996.
300 _a256p
942 _2ddc
_cBK
_h297
_iSAD/W
_k297
_mSAD/W
999 _c43041
_d43041